| 000 | 00844nam a2200193Ia 4500 | ||
|---|---|---|---|
| 008 | 0000002004 mX a 0000000000spa00 | ||
| 090 | _aPSP00 V34s | ||
| 100 | 1 | _aVillela, Pilar | |
| 245 | 1 | 0 |
_aSantiago Sierra _b: pinturas = paintings _c/ textos Pilar Villela ; fotografía Jesús Sánchez Uribe ; traducción Gabriela Jauregui |
| 300 |
_a45 p. _c/ 27 cm. |
||
| 500 | _aExposición realizada en Galería Enrique Guerrero, México, 2004 \ Con el patronazgo del maestro venezolano Jesús Rafael Soto (q.e.p.d.) | ||
| 600 | 0 | 0 |
_a SIERRA, SANTIAGO, 1966 / _xTRABAJOS PICTORICOS |
| 650 | 1 | 4 | _a PINTURA ESPAÑOLA |
| 650 | 1 | 4 | _xCATALOGOS |
| 650 | 1 | 4 | _aPINTORES ESPAÑOLES |
| 650 | 1 | 4 | _aPINTURA MODERNA ESPAÑOLA |
| 700 | 1 | _aSánchez Uribe, José \ Jauregui, Gabriela, tr. | |
| 999 |
_c79 _d79 |
||
| 260 |
_aMéxico : Galería Enrique Guerrero _c2004 |
||